[Event "6502 (2h/40)"]
[Site "Hannover"]
[Date "2009.05.12"]
[Round "6"]
[White "Mephisto MM V"]
[Black "Saitek Simultano"]
[Result "1-0"]
[WhiteElo "1974"]
[BlackElo "1806"]
[EventDate "2008.11.03"]

1.c4 Nc6 2.d4 e5 3.d5 Na5 4.e4 Qh4 5.Bd3 Bc5 6.g3 Qf6 7.Nf3 Ne7 8.O-O Qb6 
9.Nxe5 Bd4 10.Nf3 Bxb2 11.c5 Qf6 12.e5 Bxe5 13.Bg5 Qxg5 14.Nxg5 Bxa1 15.
Qf3 Bf6 16.Nxh7 Bd4 17.Qg4 Ba1 18.Re1 Kd8 19.Qg5 Re8 20.Rxe7 Rxe7 21.d6 
Nc6 22.Be4 cxd6 23.cxd6 Ke8 24.Qh5 Kd8 25.Ng5 Ne5 26.dxe7+ Kxe7 27.f4 Ng6 
28.Bd5 d6 29.Bxf7 Bd4+ 30.Kg2 Nf8 31.Qe2+ Kf6 32.Qc4 Bb6 33.Qc3+ Ke7 34.
Qxg7 Kd8 35.Qxf8+ Kc7 36.Be6 Bc5 37.Nc3 a6 38.Nd5+ Kb8 39.Ne7 Kc7 40.Nxc8 
b5 41.Qe7+ Kb8 42.Qd8 Kb7 43.Bd5+ Kb8 44.Nxd6+ Ka7 45.Qc7# 1-0

[Event "6502 (2h/40)"]
[Site "Hannover"]
[Date "2009.05.13"]
[Round "6"]
[White "Mephisto Polgar"]
[Black "Mephisto Monte Carlo I"]
[Result "1-0"]
[WhiteElo "1970"]
[BlackElo "1819"]
[EventDate "2008.11.03"]

1.e4 e5 2.Nf3 Nc6 3.Bb5 a6 4.Ba4 Nf6 5.O-O b5 6.Bb3 Bb7 7.Re1 Bc5 8.c3 d6 
9.d4 Bb6 10.a4 O-O 11.axb5 axb5 12.Rxa8 Qxa8 13.Bg5 Nxe4 14.Rxe4 Nxd4 15.
Rxd4 exd4 16.cxd4 Bxf3 17.gxf3 Qa1 18.Na3 Qxd1+ 19.Bxd1 c6 20.d5 Re8 21.
Bd2 Re5 22.dxc6 Rd5 23.Nb1 Rc5 24.Be2 d5 25.Bd3 Rxc6 26.Nc3 d4 27.Nxb5 h6 
28.Kg2 Re6 29.b4 Kf8 30.Bf4 Ke7 31.Nc7 Bxc7 32.Bxc7 Kd7 33.Ba5 Kc6 34.b5+ 
Kb7 35.f4 h5 36.Kf3 f6 37.Kg3 g5 38.Bg6 Kb8 39.h3 Ka7 40.Bd3 Kb7 41.Kf3 
Re8 42.Be4+ Kc8 43.Bg6 g4+ 44.hxg4 hxg4+ 45.Kxg4 Re2 46.Bb6 Rd2 47.Be4 d3 
48.Be3 Rb2 49.Bxd3 Rb3 50.Be2 Rb2 51.Kf3 Rb3 52.b6 Ra3 53.Ke4 Ra5 54.Bf3 
f5+ 55.Kd4 Rb5 56.Kc4 Rb2 57.Bd5 Kb8 58.Be6 Ra2 59.Bxf5 Ra5 60.Bc5 Kb7 61.
f3 Ra2 62.Be4+ Ka6 63.b7 Rc2+ 64.Bxc2 Kxb7 65.f5 1-0

[Event "6502 (2h/40)"]
[Site "Hannover"]
[Date "2009.06.11"]
[Round "6"]
[White "Fidelity Par Excellence"]
[Black "Mephisto Rebell 5.0"]
[Result "1-0"]
[WhiteElo "1835"]
[BlackElo "1824"]
[EventDate "2008.11.03"]

1.e4 e6 2.d4 d5 3.e5 c5 4.c3 Nc6 5.Nf3 Qb6 6.Be2 cxd4 7.cxd4 Nh6 8.Nc3 Nf5
9.Na4 Bb4+ 10.Bd2 Qa5 11.Bc3 O-O 12.a3 Bxc3+ 13.Nxc3 Bd7 14.O-O f6 15.b4 
Qc7 16.exf6 gxf6 17.Qd2 a6 18.Rac1 Nd6 19.Bd3 Nc4 20.Qh6 Be8 21.Rfe1 Nd8 
22.Rxe6 Nxe6 23.Nxd5 Qg7 24.Qxg7+ Kxg7 25.Bxc4 Bf7 26.Nb6 Rad8 27.Bxe6 
Bxe6 28.Rc7+ Rf7 29.Rc5 Bg4 30.d5 Re7 31.Kf1 Bxf3 32.gxf3 Kg6 33.Rc3 Rf7 
34.a4 Rd6 35.a5 Rg7 36.Rd3 Rc7 37.Rd4 Rc1+ 38.Kg2 Kh5 39.Nc4 Rd7 40.d6 Rd8
41.Nb6 Kg6 42.d7 h6 43.Na4 Re1 44.Nc5 Re7 45.Kg3 Kf5 46.h3 Kg6 47.Kg4 Kg7 
48.f4 Kg6 49.f5+ Kf7 50.Kh5 Kg8 51.Kg6 Rf7 52.Rd6 Rg7+ 53.Kxf6 Rf7+ 54.Ke6
b5 55.f6 h5 56.Nxa6 Rff8 57.Ke7 Ra8 58.d8=Q Ra7+ 59.Ke6 Rf7 60.Qe7 Rxe7+ 
61.fxe7 Kg7 62.exf8=Q+ Kxf8 63.Kf6 Kg8 64.Rd8+ Kh7 65.h4 Kh6 66.Rh8# 1-0

[Event "6502 (2h/40)"]
[Site "Hannover"]
[Date "2009.06.19"]
[Round "7"]
[White "Mephisto Monte Carlo I"]
[Black "Fidelity Par Excellence"]
[Result "1-0"]
[WhiteElo "1819"]
[BlackElo "1835"]
[EventDate "2008.11.03"]

1.d4 d5 2.Nf3 Nf6 3.c4 e6 4.Nc3 c5 5.cxd5 Nxd5 6.e4 Nxc3 7.bxc3 cxd4 8.
cxd4 Bb4+ 9.Bd2 Bxd2+ 10.Qxd2 O-O 11.Bc4 Nc6 12.O-O b6 13.Rfd1 Bb7 14.d5 
Na5 15.Be2 exd5 16.exd5 Rc8 17.d6 f6 18.d7 Rc7 19.Nh4 Nc4 20.Bxc4+ Rxc4 
21.Nf5 Rg4 22.Ne3 Re4 23.Rac1 f5 24.Nd5 Ba6 25.Nb4 Bb7 26.Nc6 Bxc6 27.Rxc6
Kh8 28.Rc8 Qxc8 29.dxc8=Q Rxc8 30.Qd7 Rce8 31.f3 Re2 32.Qxa7 f4 33.h4 b5 
34.Rd7 Rg8 35.Rb7 Re5 36.Kh2 Rh5 37.Kh3 Rf5 38.Kg4 Rff8 39.Rxb5 Ra8 40.Qf2
Rgf8 41.Qb2 Ra6 42.Rb8 Ra8 43.Rxa8 Rxa8 44.Kxf4 h6 45.g3 Ra4+ 46.Ke3 Ra8 
47.Qc2 Ra3+ 48.Kf4 Kg8 49.Ke4 Kh7 50.h5 Kg8 51.Qc5 Ra4+ 52.Ke3 Rxa2 53.
Qc4+ Kh8 54.Qxa2 1-0

[Event "6502 (2h/40)"]
[Site "Hannover"]
[Date "2009.06.22"]
[Round "7"]
[White "Saitek Simultano"]
[Black "Mephisto Polgar"]
[Result "1/2-1/2"]
[WhiteElo "1806"]
[BlackElo "1970"]
[EventDate "2008.11.03"]

1.e4 c6 2.d4 d5 3.Nd2 dxe4 4.Nxe4 Nd7 5.Bc4 Ngf6 6.Qe2 Nxe4 7.Qxe4 Nf6 8.
Qd3 e6 9.Nf3 Bb4+ 10.Bd2 Bxd2+ 11.Qxd2 b5 12.Bd3 O-O 13.O-O Bb7 14.a4 Qd7 
15.h3 Rfd8 16.Qa5 a6 17.Rfe1 Rac8 18.Qb6 Nd5 19.Qa5 Nf4 20.Qd2 Nxd3 21.
Qxd3 bxa4 22.Qa3 c5 23.dxc5 Qb5 24.Qxa4 Rxc5 25.Red1 Rxd1+ 26.Rxd1 h6 27.
Rd8+ Kh7 28.Qxb5 axb5 29.Nd4 b4 30.Rd7 Bd5 31.f3 Rc4 32.c3 bxc3 33.bxc3 
Rxc3 34.Rxf7 e5 35.Rf5 exd4 36.Rxd5 Rd3 37.Kf1 Rd2 38.Rd6 g5 39.g3 h5 40.
Rd7+ Kg6 41.Rd6+ Kf5 42.Rd5+ Kf6 43.h4 gxh4 44.gxh4 Kg6 45.Ke1 Rd3 46.Kf2 
Rd2+ 47.Kg3 d3 48.Kf4 Rh2 49.Rd6+ Kf7 50.Kg5 Rd2 51.Kxh5 Rd1 52.Kh6 Ke7 
53.Rd4 d2 54.h5 Kf6 55.Rd5 Ke6 56.Rd4 Kf6 57.Rd5 Ke6 58.Rd8 Ke7 59.Rd3 Kf7
60.Rd6 Ke7 61.Rd3 Kf7 62.Rd6 Ke7 63.Rd4 Kf6 1/2-1/2

[Event "6502 (2h/40)"]
[Site "Hannover"]
[Date "2009.06.26"]
[Round "7"]
[White "Mephisto MM II"]
[Black "Mephisto MM V"]
[Result "0-1"]
[WhiteElo "1773"]
[BlackElo "1974"]
[EventDate "2008.11.03"]

1.e4 c6 2.d4 d5 3.Nd2 dxe4 4.Nxe4 Nd7 5.Nf3 Ngf6 6.Nxf6+ Nxf6 7.Bc4 e6 8.
Bf4 Nd5 9.Bg5 Qb6 10.Rb1 Qb4+ 11.Nd2 Nb6 12.Qe2 Nxc4 13.Qxc4 Qxc4 14.Nxc4 
b5 15.Nd2 Bb7 16.Be3 c5 17.f3 Rc8 18.c3 Be7 19.h4 c4 20.g4 h5 21.g5 a5 22.
Rh3 Kd7 23.a4 b4 24.Kf2 Rhe8 25.cxb4 axb4 26.a5 c3 27.bxc3 Rxc3 28.Nb3 
Rc2+ 29.Kg1 Ra8 30.Bf2 Bd5 31.f4 Bxb3 32.Rhxb3 Rxa5 33.Be1 Rf5 34.Bxb4 
Bxb4 35.Rxb4 Rxf4 36.d5 Rxb4 37.dxe6+ fxe6 38.Rxb4 Kd6 39.Rb7 Rc7 40.Rxc7 
Kxc7 41.Kf2 Kd6 42.Ke2 Ke5 43.Ke3 Kf5 44.Kf3 g6 45.Kg3 Ke4 46.Kf2 Kd3 47.
Ke1 e5 48.Kd1 e4 49.Kc1 Ke2 0-1

[Event "6502 (2h/40)"]
[Site "Hannover"]
[Date "2009.06.28"]
[Round "7"]
[White "SciSys Turbostar 432 KSO"]
[Black "Fidelity Excellence 3MHz"]
[Result "1-0"]
[WhiteElo "1765"]
[BlackElo "1757"]
[EventDate "2008.11.03"]

1.e4 e5 2.Nf3 Nc6 3.Bb5 a6 4.Bxc6 dxc6 5.O-O f6 6.d4 Bg4 7.dxe5 Qxd1 8.
Rxd1 fxe5 9.Rd3 Bd6 10.Nbd2 Nf6 11.Nc4 Bxf3 12.gxf3 O-O-O 13.Bg5 b5 14.Na5
c5 15.Nc6 Rd7 16.a4 h6 17.Bxf6 gxf6 18.axb5 Rg8+ 19.Kf1 axb5 20.Ra8+ Kb7 
21.Rxg8 Kxc6 22.Rh8 c4 23.Rd1 Bc5 24.Rxd7 Kxd7 25.Rxh6 Ke6 26.h4 b4 27.Rh7
c6 28.Rc7 Kd6 29.Rb7 Ke6 30.h5 Bf8 31.h6 Bxh6 32.Rxb4 c3 33.bxc3 c5 34.
Rb6+ Kf7 35.Ke2 Kg6 36.Rb8 Kh5 37.Rc8 Kg5 38.Rxc5 Kg6 39.Rc7 Bg5 40.c4 Bf4
41.c5 f5 42.c6 fxe4 43.fxe4 Kf6 44.Rb7 Ke6 45.Rh7 Kf6 46.c7 Kg6 47.Re7 Kf6
48.Rd7 Kg5 49.c8=Q Kh4 50.Qf8 Bg5 51.Rh7+ Bh6 52.Qxh6+ Kg4 53.Rg7# 1-0

[Event "6502 (2h/40)"]
[Site "Hannover"]
[Date "2009.07.05"]
[Round "8"]
[White "Mephisto MM V"]
[Black "SciSys Turbostar 432 KSO"]
[Result "1-0"]
[WhiteElo "1974"]
[BlackElo "1765"]
[EventDate "2008.11.03"]

1.d4 Nf6 2.c4 e6 3.Nc3 c5 4.d5 exd5 5.cxd5 d6 6.e4 g6 7.f4 Bg7 8.e5 dxe5 
9.fxe5 Nfd7 10.e6 Qh4+ 11.g3 Bxc3+ 12.bxc3 Qe4+ 13.Qe2 Qxh1 14.exd7+ Kxd7 
15.Bh3+ Kd8 16.Bg5+ f6 17.Bxf6+ Kc7 18.d6+ Kxd6 19.Rd1+ Kc7 20.Be5+ Kb6 
21.Rb1+ Kc6 22.Bg2+ Qxg2 23.Qxg2+ Kd7 24.Rxb7+ Bxb7 25.Qxb7+ Ke6 26.Bxh8 
Kd6 27.Qxa8 1-0

[Event "6502 (2h/40)"]
[Site "Hannover"]
[Date "2009.07.22"]
[Round "8"]
[White "Fidelity Par Excellence"]
[Black "Saitek Simultano"]
[Result "0-1"]
[WhiteElo "1835"]
[BlackElo "1806"]
[EventDate "2008.11.03"]

1.e4 e5 2.Nf3 Nf6 3.d4 Nxe4 4.Bd3 d5 5.Nxe5 Nd7 6.Qe2 Nxe5 7.Bxe4 dxe4 8.
Qxe4 Be6 9.Qxe5 Qd7 10.Be3 Bd6 11.Qa5 Qc6 12.Nc3 Qxg2 13.O-O-O O-O 14.Rdg1
Qf3 15.Qg5 g6 16.Qh6 Rfe8 17.Kb1 Bb4 18.Qf4 Qxf4 19.Bxf4 Bxc3 20.bxc3 Bd5 
21.Bxc7 Rac8 22.Bf4 Bxh1 23.Rxh1 Re2 24.Be3 Rxc3 25.Rc1 Kf8 26.d5 b6 27.
Bd4 Rc4 28.Be3 f5 29.c3 Ra4 30.Rc2 Rxc2 31.Kxc2 Rxa2+ 32.Kb3 Re2 33.Kc4 
Ke7 34.h4 Kd7 35.Kb5 Kd6 36.Kc4 Rb2 37.f3 Kd7 38.Kd3 Rh2 39.Bg5 Rh3 40.Ke3
Kd6 41.c4 a6 42.Kf2 Rh1 43.Bf4+ Kc5 44.d6 Rb1 45.Be5 Rb3 46.Ke2 Kc6 47.f4 
Rh3 48.h5 gxh5 49.Kd2 h4 50.Ke2 Rb3 51.Kf2 Kc5 52.Ke2 Kxc4 53.Bf6 h3 54.
Kf2 Rd3 55.Be7 b5 56.Kg1 b4 57.Bh4 Rxd6 58.Be7 Rd2 59.Bf6 b3 60.Kh1 Rd4 
61.Kh2 b2 62.Kxh3 a5 63.Kg3 a4 64.Bg7 a3 65.Bxd4 Kxd4 66.Kf2 b1=Q 0-1

[Event "6502 (2h/40)"]
[Site "Hannover"]
[Date "2009.07.23"]
[Round "8"]
[White "Mephisto Rebell 5.0"]
[Black "Mephisto Monte Carlo I"]
[Result "1-0"]
[WhiteElo "1824"]
[BlackElo "1819"]
[EventDate "2008.11.03"]

1.e4 e5 2.Nf3 Nc6 3.Bc4 Bc5 4.Nc3 Nf6 5.d3 d6 6.Bg5 h6 7.Bxf6 Qxf6 8.Nd5 
Qd8 9.c3 Ne7 10.d4 exd4 11.b4 Nxd5 12.Bxd5 Bb6 13.Nxd4 O-O 14.O-O c6 15.
Bb3 Qg5 16.Qd3 Bg4 17.a4 a5 18.h3 Bd7 19.f4 Qg6 20.f5 Qf6 21.bxa5 Rxa5 22.
Kh1 d5 23.exd5 cxd5 24.Nb5 Bc6 25.Nd4 Rfa8 26.Nxc6 bxc6 27.g3 Rc5 28.Rac1 
Re8 29.Kh2 Ba5 30.c4 d4 31.Rf3 Rce5 32.Rcf1 Be1 33.Rg1 Bb4 34.Bd1 Bc3 35.
Rg2 Qd8 36.Re2 Bb4 37.Rxe5 Rxe5 38.Bc2 f6 39.Bd1 Bc3 40.Bc2 c5 41.Qf1 Re1 
42.Qg2 Re8 43.Rd3 Re5 44.Rd1 Qe8 45.Rf1 Kh7 46.Rf4 Qd7 47.Rf1 d3 48.Bd1 d2
49.Rf4 Rxf5 50.Bc2 g6 51.Rxf5 gxf5 52.Qf3 Qd4 53.Qxf5+ Kg8 54.Qh7+ Kf8 55.
Qxh6+ Kg8 56.Qh7+ Kf8 57.Qh8+ Ke7 58.Qg7+ Kd6 59.Qf8+ Kc7 60.Qe7+ Kb6 61.
Qe2 Ka5 62.h4 Kb4 63.h5 Qe5 64.Qf3 Qe7 65.Kg2 Qd7 66.h6 f5 67.Qd5 Qxd5+ 
68.cxd5 Be5 69.h7 Kc3 70.Bd1 Kb2 71.d6 Kc1 72.Bf3 d1=Q 73.Bxd1 Kxd1 74.d7 
Bf6 75.a5 Ke2 76.a6 f4 77.gxf4 c4 78.a7 c3 79.a8=Q c2 80.Qa6+ Kd1 81.Qxf6 
c1=Q 82.d8=Q+ Kc2 83.h8=Q Qd2+ 84.Qxd2+ Kxd2 85.Qc3+ Kd1 86.Qh5# 1-0

[Event "6502 (2h/40)"]
[Site "Hannover"]
[Date "2009.08.10"]
[Round "9"]
[White "Saitek Simultano"]
[Black "Mephisto Rebell 5.0"]
[Result "0-1"]
[WhiteElo "1806"]
[BlackElo "1824"]
[EventDate "2008.11.03"]

1.e4 e5 2.Nc3 Nf6 3.f4 d5 4.exd5 Nxd5 5.Qh5 Nxf4 6.Qxe5+ Ne6 7.Qh5 Bc5 8.
Bd3 Qd4 9.Ne4 g6 10.Qf3 Qe5 11.Ne2 Be7 12.O-O f5 13.Nf2 Bd6 14.g3 Ng5 15.
Qf4 Qe7 16.Qa4+ Bd7 17.Qb3 Nf3+ 18.Kg2 Bc6 19.Bb5 Qxe2 20.Bxe2 Nxd2+ 21.
Kg1 Nxb3 22.axb3 b5 23.Bh6 a6 24.Bd3 Bb4 25.c3 Be7 26.Rfe1 Kf7 27.b4 Nd7 
28.Bc2 Bd5 29.Rad1 Nb6 30.Bf4 Rhc8 31.Ra1 c5 32.bxc5 Bxc5 33.Bd3 Na4 34.
Re2 Re8 35.Rd2 Rad8 36.Bg5 Be3 37.Bxe3 Rxe3 38.Be2 Nc5 39.Nd1 Ree8 40.Nf2 
Nb3 41.Rxd5 Rxd5 42.Bf3 Rd6 43.Ra3 Re3 44.Kg2 Nc5 45.Ra1 Rd2 46.c4 Nd3 47.
Rf1 Kf6 48.g4 Re1 49.Rxe1 Nxe1+ 50.Kg3 f4+ 51.Kxf4 Rxf2 52.g5+ Ke7 53.Ke3 
Rxf3+ 54.Ke2 Rb3 55.cxb5 Nc2 56.bxa6 Rxb2 57.a7 Ra2 58.Kd2 Nd4+ 59.Ke3 Ne6
60.h4 Rxa7 0-1

[Event "6502 (2h/40)"]
[Site "Hannover"]
[Date "2009.08.11"]
[Round "9"]
[White "SciSys Turbostar 432 KSO"]
[Black "Mephisto Polgar"]
[Result "0-1"]
[WhiteElo "1765"]
[BlackElo "1970"]
[EventDate "2008.11.03"]

1.e4 e5 2.Nf3 Nf6 3.Nxe5 d6 4.Nf3 Nxe4 5.d4 d5 6.Bd3 Bd6 7.c4 Bb4+ 8.Bd2 
Nxd2 9.Nbxd2 O-O 10.O-O dxc4 11.Nxc4 Be6 12.Qc2 g6 13.a3 Be7 14.Rfe1 Nc6 
15.Qc3 Bd5 16.Ncd2 f5 17.b4 a6 18.Rac1 Bf6 19.Bc4 Kg7 20.Ne5 Bxc4 21.Nxc6 
bxc6 22.Qxc4 Bxd4 23.Nf3 Bb6 24.Rcd1 Qf6 25.Rd7+ Rf7 26.Rxf7+ Qxf7 27.
Qxf7+ Kxf7 28.Ne5+ Kf6 29.Nxc6 a5 30.b5 Bc5 31.a4 g5 32.Kf1 h5 33.g3 Bb4 
34.Rd1 Ke6 35.Ke2 Bd6 36.Kd3 Kd5 37.Ke3+ Kc5 38.Rc1+ Kb6 39.Rc4 Rg8 40.Kd3
f4 41.Rd4 h4 42.gxf4 gxf4 43.h3 Rg2 44.Ke2 Rh2 45.Rd3 Rh1 46.Rc3 f3+ 47.
Rxf3 Ra1 48.Nd4 Rxa4 49.Kd3 Rb4 50.Rf6 a4 51.Kc3 Rb1 52.Rh6 a3 53.Rxh4 a2 
54.Nc2 Kxb5 55.Nd4+ Ka4 56.Nc2+ Bb4+ 57.Kd3 c5 58.Rh7 c4+ 59.Kd4 Rc1 60.
Nxb4 a1=Q+ 61.Kc5 Qf6 62.Nd5 Qxf2+ 63.Kc6 Rg1 64.Nb6+ Kb3 65.Nd7 Rg6+ 66.
Kb7 c3 67.Rh8 Qd4 68.Rb8 Qxd7+ 69.Ka8+ Ka2 70.Rf8 Ra6+ 71.Kb8 Rb6+ 72.Ka8 
Qb7# 0-1

[Event "6502 (2h/40)"]
[Site "Hannover"]
[Date "2009.08.12"]
[Round "9"]
[White "Fidelity Excellence 3MHz"]
[Black "Mephisto MM V"]
[Result "1/2-1/2"]
[WhiteElo "1757"]
[BlackElo "1974"]
[EventDate "2008.11.03"]

1.e4 e5 2.Nf3 Nc6 3.Bc4 Bc5 4.d3 Nf6 5.O-O d6 6.Nc3 Bg4 7.Na4 Bxf3 8.Qxf3 
Nd4 9.Qd1 b5 10.Nxc5 bxc4 11.Na4 cxd3 12.cxd3 O-O 13.f4 Qd7 14.fxe5 dxe5 
15.Bg5 Ng4 16.Nc5 Qb5 17.Qxg4 Qxc5 18.Rf2 Ne6 19.Bd2 Rad8 20.a3 Qb6 21.Bb4
Rfe8 22.Bc3 Nc5 23.Kf1 f6 24.Re2 Rxd3 25.Bb4 Red8 26.Rf2 Nb3 27.Re1 Nd2+ 
28.Kg1 Nc4 29.Qe2 a5 30.Be7 R8d7 31.b4 Qb5 32.a4 Qxa4 33.Rf3 R3d4 34.Bc5 
Nd2 35.Bxd4 Nxf3+ 36.Qxf3 exd4 37.Qh5 Rd8 38.Qxa5 Qxa5 39.bxa5 c5 40.a6 c4
41.Ra1 d3 42.a7 Ra8 43.Kf2 c3 44.Ke3 d2 45.Ke2 h5 46.Kd1 Kf7 47.Ra3 Ke6 
48.Rxc3 Rxa7 49.Kxd2 Ra2+ 50.Rc2 Rxc2+ 51.Kxc2 Ke5 52.Kd3 Kf4 53.Kd4 h4 
54.Kd3 g5 55.Kd4 g4 56.Kd3 h3 57.gxh3 gxh3 58.Ke2 Kxe4 59.Kf2 f5 60.Ke2 
Kf4 61.Kf2 Kg4 62.Ke2 f4 63.Kf2 Kh5 64.Kf3 Kg5 65.Ke2 Kf5 66.Kd2 Ke5 67.
Kd3 Kd5 68.Ke2 Ke4 69.Kf2 f3 70.Ke1 Ke5 71.Kf2 Kf4 72.Kf1 Kf5 73.Kf2 Ke4 
74.Ke1 Ke3 75.Kf1 Kf4 76.Kf2 Ke4 1/2-1/2

[Event "6502 (2h/40)"]
[Site "Hannover"]
[Date "2009.05.20"]
[Round "1"]
[White "Mephisto MM V"]
[Black "Mephisto Monte Carlo IV"]
[Result "1-0"]
[WhiteElo "1974"]
[BlackElo "1880"]
[EventDate "2008.11.03"]

1.e4 e5 2.Nf3 Nc6 3.Bc4 Bc5 4.c3 Nf6 5.d4 exd4 6.cxd4 Bb4+ 7.Bd2 Bxd2+ 8.
Nbxd2 d5 9.exd5 Nxd5 10.Qb3 Nce7 11.O-O O-O 12.Rfe1 c6 {Letzter Buchzug 
Schwarz} 13.Ne4 Nb6 14.Nc5 Nxc4 15.Qxc4 b6 16.Nd3 Be6 17.Rxe6 {Letzter 
Buchzug Weiss.} 17...fxe6 18.Qxe6+ Kh8 19.Nde5 Qc7 20.Ng5 Rae8 21.Nef7+ 
Kg8 22.Nh6+ Kh8 23.Ngf7+ Rxf7 24.Nxf7+ Kg8 25.Nd6+ Kh8 26.Nxe8 Qd8 27.Qf7 
Qxd4 28.Qxe7 h5 29.Qf7 Qxb2 30.Re1 Qc3 31.Qxh5+ Kg8 32.Nf6+ Qxf6 33.Re8+ 
Qf8 34.h4 b5 35.Qg6 Qxe8 36.Qxe8+ 1-0

[Event "6502 (2h/40)"]
[Site "Hannover"]
[Date "2009.05.24"]
[Round "2"]
[White "Mephisto Monte Carlo IV"]
[Black "Saitek Simultano"]
[Result "1-0"]
[WhiteElo "1880"]
[BlackElo "1806"]
[EventDate "2008.11.03"]

1.d4 e6 2.c4 d5 3.Nc3 c5 4.cxd5 exd5 5.Nf3 Nc6 6.g3 Nf6 7.Bg2 Be7 8.O-O 
O-O 9.Bg5 cxd4 10.Nxd4 Re8 11.Rc1 h6 12.Bf4 Bg4 13.h3 Be6 14.Nxe6 fxe6 15.
Qd3 e5 16.Bd2 e4 17.Qb1 Nd4 18.Rfd1 Bd6 19.Be1 Be5 20.f4 exf3 21.exf3 Nb5 
22.Qg6 Nxc3 23.bxc3 Qb6+ 24.Kh1 Rac8 25.f4 Bc7 26.c4 dxc4 27.Bc3 Red8 28.
Bd5+ Rxd5 29.Rxd5 Qe6 30.Rd2 Qxh3+ 31.Rh2 Qg4 32.Qxg4 Nxg4 33.Re2 Bd6 34.
Rd1 Rc6 35.Kg2 Kf7 36.f5 Nf6 37.Bxf6 gxf6 38.Re6 Be7 39.Rxc6 bxc6 40.Rc1 
c5 41.Rxc4 a5 42.Rh4 Kg7 43.Re4 Kf7 44.Kf3 Bd8 45.Re6 Kf8 46.Ke4 Kf7 47.
Rc6 Ke7 48.Kd5 Kd7 49.Kxc5 Be7+ 50.Kb5 h5 51.Re6 Bd8 52.a4 Kc8 53.Kc6 Kb8 
54.Re8 Kc8 55.Rf8 h4 56.gxh4 Kb8 57.Rxd8+ Ka7 58.h5 Ka6 59.Ra8# 1-0

[Event "6502 (2h/40)"]
[Site "Hannover"]
[Date "2009.05.29"]
[Round "3"]
[White "Mephisto Polgar"]
[Black "Mephisto Monte Carlo IV"]
[Result "1-0"]
[WhiteElo "1970"]
[BlackElo "1880"]
[EventDate "2008.11.03"]

1.e4 e5 2.Nf3 Nf6 3.Nxe5 d6 4.Nf3 Nxe4 5.d4 d5 6.Bd3 Be7 7.O-O O-O 8.Re1 
Nf6 9.Bg5 Bg4 10.Nbd2 Nbd7 11.h3 Bh5 12.c3 Bg6 13.Qe2 Bxd3 14.Qxd3 Re8 15.
Rac1 a5 16.b3 a4 17.Ra1 axb3 18.axb3 Rxa1 19.Rxa1 Bd6 20.c4 c6 21.Qf5 h6 
22.Bh4 Qb8 23.Nf1 Re4 24.Bxf6 Nxf6 25.Ne3 Qd8 26.h4 Bf4 27.Nf1 g6 28.Qh3 
Re2 29.g3 Bc7 30.Ne3 Rb2 31.Ra3 Ne4 32.Ng4 h5 33.Nge5 dxc4 34.bxc4 Bxe5 
35.dxe5 Nxf2 36.Qf1 Ne4 37.Qd3 Qxd3 38.Rxd3 Nxg3 39.Rd8+ Kg7 40.Rd7 Ne2+ 
41.Kf1 b5 42.cxb5 Ng3+ 43.Kg1 cxb5 44.e6 Ne2+ 45.Kf1 Kf6 46.exf7 Ng3+ 47.
Kg1 Kg7 48.Ng5 Ne2+ 49.Kf2 Nd4+ 50.Ke1 Nc2+ 51.Ke2 Nd4+ 52.Kd3 Rf2 53.Rxd4
Rf1 54.Kc3 b4+ 55.Rxb4 Rxf7 56.Nxf7 Kxf7 1-0

[Event "6502 (2h/40)"]
[Site "Hannover"]
[Date "2009.05.30"]
[Round "4"]
[White "Mephisto Monte Carlo IV"]
[Black "Mephisto MM II"]
[Result "0-1"]
[WhiteElo "1880"]
[BlackElo "1773"]
[EventDate "2008.11.03"]

1.c4 e6 2.d4 Nf6 3.Nc3 Bb4 4.e3 O-O 5.Bd3 d5 6.a3 Bxc3+ 7.bxc3 Nc6 8.Nf3 
Na5 9.cxd5 exd5 10.Bb2 Bg4 11.O-O c6 12.h3 Bh5 13.Be2 Bxf3 14.Bxf3 Nc4 15.
Qe2 Qe7 16.Rfb1 Ne4 17.Bxe4 Qxe4 18.Bc1 b5 19.f3 Qg6 20.e4 dxe4 21.Qxe4 
Qxe4 22.fxe4 Nd6 23.e5 Ne4 24.Bb2 Nd2 25.Re1 Nc4 26.Bc1 Rfe8 27.Bf4 Nb6 
28.Kf2 a5 29.Kf3 h5 30.Ke4 Kh7 31.Rf1 Kg6 32.Rf3 Rad8 33.Rg3+ Kh7 34.Rg5 
g6 35.Kd3 Nc4 36.Ra2 a4 37.g4 hxg4 38.hxg4 Kg7 39.Bg3 Rh8 40.Bf4 Rh3+ 41.
Kc2 Rf3 42.Bc1 Rh8 43.e6 fxe6 44.Rc5 Rh1 45.Rxc4 bxc4 46.Rb2 Rf2+ 47.Bd2 
g5 48.d5 cxd5 49.Rb7+ Kg6 50.Rb6 Rhh2 51.Kc1 Rxd2 52.Rxe6+ Kf7 53.Rh6 Rhg2
54.Rh7+ Kg6 55.Ra7 Rdf2 56.Ra6+ Kg7 57.Ra7+ Kf6 58.Ra6+ Ke5 59.Re6+ Kxe6 
60.Kd1 Rf1# 0-1

[Event "6502 (2h/40)"]
[Site "Hannover"]
[Date "2009.05.30"]
[Round "5"]
[White "Fidelity Par Excellence"]
[Black "Mephisto Monte Carlo IV"]
[Result "0-1"]
[WhiteElo "1835"]
[BlackElo "1880"]
[EventDate "2008.11.03"]

1.e4 e6 2.d4 d5 3.e5 c5 4.c3 Nc6 5.Nf3 Qb6 6.Be2 cxd4 7.cxd4 Nh6 8.Nc3 Nf5
9.Na4 Bb4+ 10.Bd2 Qa5 11.Bc3 Bxc3+ 12.Nxc3 Qb6 13.Bb5 O-O 14.Bxc6 Qxb2 15.
Nxd5 bxc6 16.Nc7 Rb8 17.g4 Ne7 18.a4 Qb6 19.Nb5 cxb5 20.axb5 Rb7 21.Qd3 
Qxb5 22.Qxb5 Rxb5 23.O-O a6 24.Rfc1 Bb7 25.Ra3 Rd8 26.Rc4 Rb2 27.Kg2 Rc8 
28.Rxc8+ Nxc8 29.Rc3 Na7 30.Kg3 Nb5 31.Rd3 Rb4 32.Kf4 a5 33.Ke3 Bxf3 34.
Kxf3 Rxd4 35.Rb3 Rb4 36.Rd3 Rb3 37.Ke2 Rxd3 38.Kxd3 a4 39.f4 Nc7 40.f5 Nd5
41.h3 exf5 42.gxf5 Nf4+ 43.Kc2 Nxh3 44.e6 Kf8 45.exf7 h5 46.Kc3 Ng5 47.Kb4
h4 48.Kxa4 Kxf7 49.Kb4 Kf6 50.Kc5 h3 51.Kd4 h2 52.Ke3 h1=Q 0-1

[Event "6502 (2h/40)"]
[Site "Hannover"]
[Date "2009.06.17"]
[Round "6"]
[White "Mephisto Monte Carlo IV"]
[Black "SciSys Turbostar 432 KSO"]
[Result "1-0"]
[WhiteElo "1880"]
[BlackElo "1765"]
[EventDate "2008.11.03"]

1.e4 c5 2.Nf3 d6 3.d4 cxd4 4.Nxd4 Nf6 5.Nc3 g6 6.Be3 Bg7 7.f3 O-O 8.Qd2 
Nc6 9.g4 Nxd4 10.Bxd4 Bd7 11.O-O-O Qa5 12.g5 Nh5 13.Nd5 Qd8 14.Bg2 Bxd4 
15.Qxd4 Bc6 16.h4 Ng3 17.Rhe1 Bxd5 18.Qxd5 Qb6 19.f4 Qf2 20.Qd2 Qxd2+ 21.
Rxd2 Nh5 22.e5 Nxf4 23.Bxb7 Rab8 24.exd6 exd6 25.Re7 f6 26.Rxd6 fxg5 27.
Rdd7 Rf5 28.Rg7+ Kf8 29.Rxh7 Kg8 30.Ba6 Nd5 31.Rdg7+ Kf8 32.Rxa7 Kg8 33.
Rhg7+ Kh8 34.Bd3 Re5 35.Rh7+ Kg8 36.Rag7+ Kf8 37.Rxg6 Re1+ 38.Kd2 Ree8 39.
Rxg5 Nf6 40.Rf5 Rb6 41.Rh8+ Ke7 42.Re5+ Re6 43.Rxe6+ Kxe6 44.Rxe8+ Nxe8 
45.a4 Nd6 46.c4 Nf7 47.b4 Ne5 48.Kc3 Kd7 49.a5 Kc7 50.c5 Kb8 51.h5 Kc7 52.
b5 Kb8 53.h6 Nf7 54.a6 Kc8 55.b6 Ne5 56.h7 Nxd3 57.h8=Q+ Kd7 58.b7 Nxc5 
59.b8=Q Ne4+ 60.Kc4 Nd6+ 61.Kd5 Ne4 62.Qhd8# 1-0

[Event "6502 (2h/40)"]
[Site "Hannover"]
[Date "2009.06.29"]
[Round "7"]
[White "Mephisto Rebell 5.0"]
[Black "Mephisto Monte Carlo IV"]
[Result "0-1"]
[WhiteElo "1824"]
[BlackElo "1880"]
[EventDate "2008.11.03"]

1.d4 Nf6 2.c4 c5 3.d5 e6 4.Nc3 exd5 5.cxd5 d6 6.Nf3 g6 7.e4 Bg7 8.Be2 O-O 
9.O-O Re8 10.Nd2 a6 11.a4 b6 12.Bf3 a5 13.Nc4 Ba6 14.Qb3 Bxc4 15.Qxc4 Nbd7
16.Qb5 Ne5 17.Be2 Ned7 18.f3 Nh5 19.Bd2 Qh4 20.Be1 Qe7 21.Bf2 Nf4 22.Bc4 
Ne5 23.Kh1 Qf6 24.Ba2 Rab8 25.Be3 Ned3 26.g3 Nxb2 27.Bd2 Nfd3 28.Rab1 c4 
29.Ne2 Qe7 30.Bxc4 Nxc4 31.Qxc4 Ne5 32.Qb5 Nd7 33.Nf4 Bd4 34.Qc4 Bf6 35.
Rfc1 Ne5 36.Qe2 Qd7 37.Rb5 Rec8 38.Rxc8+ Qxc8 39.Be3 Nc4 40.Bf2 Qc7 41.Qc2
Qc8 42.Rb1 Bg7 43.Nd3 Qa6 44.Rb5 Qc8 45.Nf4 Bf6 46.Ne2 Qh3 47.Ng1 Qc8 48.
Rb1 Bg7 49.Ne2 Qa6 50.Kg2 Ra8 51.Rb3 Qc8 52.Kh1 Ra7 53.Nd4 Bxd4 54.Bxd4 
Rc7 55.Qf2 f5 56.exf5 Qxf5 57.Qe2 Kf8 58.Qe6 Qxe6 59.dxe6 Ke7 60.Bxb6 Nxb6
61.Rxb6 Rc4 62.Rb1 Kxe6 63.Re1+ Kd5 64.Ra1 Kd4 65.Kg1 d5 66.Kf2 Rc2+ 67.
Kg1 Ke3 68.f4 Ke2 69.f5 gxf5 70.Rf1 d4 71.Rf2+ Kd1 72.Rf1+ Kd2 73.Rxf5 d3 
74.Rf7 Rc4 75.Rf4 Rxf4 76.gxf4 Ke3 0-1

[Event "6502 (2h/40)"]
[Site "Hannover"]
[Date "2009.08.01"]
[Round "8"]
[White "Mephisto Monte Carlo IV"]
[Black "Fidelity Excellence 3MHz"]
[Result "1/2-1/2"]
[WhiteElo "1880"]
[BlackElo "1757"]
[EventDate "2008.11.03"]

1.c4 Nf6 2.d4 Nh5 3.e4 g6 4.Be2 Nc6 5.d5 Nb4 6.Bd2 e5 7.a3 Na6 8.Bxh5 gxh5
9.Qxh5 d6 10.Nf3 Nc5 11.Be3 Nd3+ 12.Kd2 Nxb2 13.Nxe5 Qf6 14.Ra2 Na4 15.Nd3
Rg8 16.Qxh7 Rxg2 17.Re1 Rg4 18.f4 Rh4 19.e5 dxe5 20.fxe5 Qd8 21.Qg8 Rxh2+ 
22.Re2 Rxe2+ 23.Kxe2 Bf5 24.Bh6 Bxd3+ 25.Kxd3 Nc5+ 26.Kc2 Qe7 27.Kd1 Nd7 
28.e6 fxe6 29.Bg5 Qf7 30.Qxf7+ Kxf7 31.Rf2+ Ke8 32.dxe6 Nc5 33.Re2 Be7 34.
Bf4 Rd8+ 35.Nd2 c6 36.Kc2 Rd3 37.Rh2 Bf8 38.Rh8 Rd4 39.Be3 Nxe6 40.Bxd4 
Nxd4+ 41.Kd3 Ne6 42.Ne4 a6 43.Rh7 Be7 44.Rh6 Kd7 45.Nf6+ Kd6 46.Ke4 b5 47.
Ng4 Bf8 48.Rg6 Ke7 49.Ne5 c5 50.Nc6+ Kd7 51.Nb8+ Ke7 52.Nxa6 bxc4 53.Rg3 
Bg7 54.Kd5 c3 55.Re3 c2 56.Rxe6+ Kf7 57.Re1 Bb2 58.Rf1+ Kg6 59.Rg1+ Kf5 
60.a4 c1=Q 61.Rxc1 Bxc1 62.Nxc5 Bd2 63.Nb3 Be1 64.Nd4+ Kf6 65.Kc5 Bf2 66.
Kc4 Be1 67.Nc2 Ba5 68.Nb4 Ke6 69.Kc5 Kd7 70.Kb5 Bxb4 71.Kxb4 Kc6 72.a5 Kb7
73.Kb5 Ka7 1/2-1/2

[Event "6502 (2h/40)"]
[Site "Hannover"]
[Date "2009.08.19"]
[Round "9"]
[White "Mephisto Monte Carlo I"]
[Black "Mephisto Monte Carlo IV"]
[Result "0-1"]
[WhiteElo "1819"]
[BlackElo "1880"]
[EventDate "2008.11.03"]

1.e4 e5 2.Nf3 Nc6 3.Bc4 Bc5 4.Nc3 Nf6 5.d3 d6 6.Bg5 h6 7.Bxf6 Qxf6 8.Nd5 
Qd8 9.c3 Ne7 10.b4 Nxd5 11.bxc5 Nf4 12.O-O O-O 13.cxd6 Qxd6 14.Rb1 Bh3 15.
Ne1 Qg6 16.Qf3 Bg4 17.Qe3 Be2 18.Rxb7 Rfc8 19.Rb5 Qf6 20.Nf3 a6 21.Rxe5 
Bxf3 22.Bxf7+ Qxf7 23.Qxf3 g6 24.Qe3 Rcb8 25.Rc5 Rb2 26.a3 Ra2 27.g3 Nh3+ 
28.Kg2 Nxf2 29.Rxf2 Rf8 30.Qf4 Rxf2+ 31.Kxf2 Qa2+ 32.Kf3 Rxf4+ 33.gxf4 Qd2
34.Rd5 Qxc3 35.a4 Kf7 36.h4 Qc2 37.a5 Qd1+ 38.Kg3 h5 39.Kf2 Qg4 40.Ke3 
Qg3+ 41.Kd4 Qxh4 42.f5 Qf2+ 43.Kc3 h4 44.Rd7+ Ke8 45.Rd5 g5 46.Re5+ Kf7 
47.Rd5 Kf6 48.Rd7 Qc5+ 49.Kd2 g4 50.Rh7 g3 51.Rh6+ Ke5 52.Rxh4 g2 53.Rg4 
Qf2+ 54.Kc3 Qe1+ 55.Kc4 Qc1+ 56.Kb4 c5+ 57.Kb3 Qd1+ 58.Ka2 Qxg4 0-1